Nevýhody a riziká PPP
PPP - verejno-súkromné partnerstvo - definície. Formy verejno-súkromného partnerstva. Nevýhody PPP projektov, riziká.
Guardado en:
| Autor principal: | |
|---|---|
| Formato: | Capítulo de libro |
| Lenguaje: | eslovaco |
| Materias: | |
| Etiquetas: |
Sin Etiquetas, Sea el primero en etiquetar este registro!
|
MARC
| LEADER | 00000nla$a2200000$$$4500 | ||
|---|---|---|---|
| 001 | 0128417 | ||
| 005 | 20240502072452.8 | ||
| 041 | 0 | |a slo | |
| 044 | |a SK | ||
| 245 | 1 | 0 | |a Nevýhody a riziká PPP |c Petra Cretnik |
| 520 | |a PPP - verejno-súkromné partnerstvo - definície. Formy verejno-súkromného partnerstva. Nevýhody PPP projektov, riziká. | ||
| 610 | 2 | 0 | |a partnerstvo verejno-súkromné |
| 610 | 2 | 0 | |a definície |
| 610 | 2 | 0 | |a projekty |
| 610 | 2 | 0 | |a riziko podnikateľské |
| 100 | 1 | |a Cretnik, Petra | |